| 000 | 00684nam a2200193 a 4500 | ||
|---|---|---|---|
| 003 | 0 | ||
| 005 | 20250225095132.0 | ||
| 008 | 111114s19uu xx 00 eng d | ||
| 050 |
_aPGS LB 1065 _b.J52 2011 |
||
| 100 | _aJenkins, Christopher. | ||
| 245 |
_aExtent of sports training and personal hygiene of grade 6 students of SISC / _cChristopher Jenkins. |
||
| 260 |
_aLas PiƱas City, Philippines : _bSouthville International School and Colleges, _c2011. |
||
| 300 |
_a24 pages : _billustrations ; _c28 cm. |
||
| 504 | _aIncludes bibliographical references. | ||
| 650 | _aSports training. | ||
| 650 | _aPersonal hygiene. | ||
| 650 | _aStudents, elementary. | ||
| 942 |
_2lcc _cPASS |
||
| 999 |
_c98600 _d98600 |
||